1730 1241 1144 1583 1940 1018 1272 1145 1997 1758 1539 1824 1015 1678 1322 1038 1638 1836 1049 1006 1682 1048 1046 1006 1912 1987 1854 1208 1238 1688 1051 1613 1006 1471 1867 1046 1504 1503 1289 1593 1275 1652 1390 1998 1747 1188 1412 1487 1249 1475 1436 1665 1616 1489 1678 1105 1662 1081 1619 1680 1764 1163 1668 1594 1608 1032 1591 1984 1865 1111 1555 1496 1976 1269 1656 1960 1816 1595 1774 1401 1258 1425 1131 1055 1882 1540 1384 1654 1613 1954 1872 1689 1036 1171 1472 1191 1007 1578 1025 BCNSPRNW ULIB Ver.6.0+V

เปลี่ยนเป็นภาษาไทย

Change to English
 แสดงรายละเอียดบรรณานุกรม
  กลับหน้าหลัก

Brief Record : Get Marc (ISO 2709) : E-mail record : QR code < ปิดหน้าต่าง
LEADER : 00000nam 2200000uu 4500
001    13399125067
003     ULIB
008    160610s2554||||th 000 0 tha d
020    ^a9789746726146
060 04 ^aWS100^bน577ก ล.1
110 1  ^aมหาวิทยาลัยเชียงใหม่^bคณะพยาบาลศาสตร์
245 00 ^aการสร้างเสริมสุขภาพเด็ก เล่ม 1 /^cบรรณาธิการ นิตยา ไทยาภิรมย์,พิมพาภรณ์ กลั่นกลิ่น
250    ^aพิมพ์ครั้งที่ 2 (ฉบับปรับปรุง)
260    ^aเชียงใหม่ :^bคณะพยาบาลศาสตร์ มหาวิทยาลัยเชียงใหม่,^c2554
300    ^aง,132 หน้า :^bภาพประกอบ, ตาราง
504    ^aมีบรรณานุกรมประกอบ
650  0 ^aHealth^xin infancy & childhood
650  0 ^aInfection^xinfancy & childhood
650  4 ^aเด็ก^xการส่งเสริมสุขภาพ
650  4 ^aพฤติกรรมสุขภาพ
650  4 ^aเด็ก^xการดูแล
650  4 ^aเด็ก^xโรค
700 0  ^aนิตยา ไทยาภิรมย์,^eบรรณาธิการ
700 0  ^aพิมพาภรณ์ กลั่นกลิ่น,^eบรรณาธิการ
945    ^p150^l0^i001232
945    ^p150^l0^i001233
945    ^p150^l0^i001234
945    ^p150^l0^i001235
945    ^p150^l0^i001236
945    ^p150^l0^i001237
945    ^p150^l0^i001238
945    ^p150^l0^i001239
945    ^p150^l0^i001240
945    ^p150^l0^i001241
999    ^aเกษร โพธิ์สุวรรณ
รายการนี้ยังไม่มีแท็ก
คุณยังไม่ได้ล็อกอิน คุณสามารถมีกิจกรรมร่วมกับเว็บไซต์ได้ แต่ต้องล็อกอินก่อน ::
  ล็อกอิน

รายการสื่อสารสนเทศ

ลำดับที่ ประเภท เลขเรียก/บาร์โค้ด สถานที่ สถานะ
1. วิทยาศาสตร์การแพทย์ และสุขภาพ
หนังสือสำรอง
สถานะ=หนังสือสำรอง
WS100 น577ก ล.1 ฉ.1 
  Barcode: 001232
ห้องสมุดวิทยาเขตสวรรค์ประชารักษ์
►ส่วนจัดเก็บหนังสือเก่า สปร
บนชั้น
  ขอยืม
2. วิทยาศาสตร์การแพทย์ และสุขภาพ
วิทยาศาสตร์การแพทย์ และสุขภาพ
WS100 น577ก ล.1 ฉ.10 
  Barcode: 001241
ห้องสมุดวิทยาเขตสวรรค์ประชารักษ์
►ส่วนจัดเก็บหนังสือเก่า สปร
บนชั้น
  ขอยืม
3. วิทยาศาสตร์การแพทย์ และสุขภาพ
วิทยาศาสตร์การแพทย์ และสุขภาพ
WS100 น577ก ล.1 ฉ.2 
  Barcode: 001233
ห้องสมุดวิทยาเขตสวรรค์ประชารักษ์
►ส่วนจัดเก็บหนังสือเก่า สปร
บนชั้น
  ขอยืม
4. วิทยาศาสตร์การแพทย์ และสุขภาพ
วิทยาศาสตร์การแพทย์ และสุขภาพ
WS100 น577ก ล.1 ฉ.3 
  Barcode: 001234
ห้องสมุดวิทยาเขตสวรรค์ประชารักษ์
►ส่วนจัดเก็บหนังสือเก่า สปร
บนชั้น
  ขอยืม
5. วิทยาศาสตร์การแพทย์ และสุขภาพ
วิทยาศาสตร์การแพทย์ และสุขภาพ
WS100 น577ก ล.1 ฉ.4 
  Barcode: 001235
ห้องสมุดวิทยาเขตสวรรค์ประชารักษ์
►ส่วนจัดเก็บหนังสือเก่า สปร
บนชั้น
  ขอยืม
6. วิทยาศาสตร์การแพทย์ และสุขภาพ
วิทยาศาสตร์การแพทย์ และสุขภาพ
WS100 น577ก ล.1 ฉ.5 
  Barcode: 001236
ห้องสมุดวิทยาเขตสวรรค์ประชารักษ์
►ส่วนจัดเก็บหนังสือเก่า สปร
บนชั้น
  ขอยืม
7. วิทยาศาสตร์การแพทย์ และสุขภาพ
วิทยาศาสตร์การแพทย์ และสุขภาพ
WS100 น577ก ล.1 ฉ.6 
  Barcode: 001237
ห้องสมุดวิทยาเขตสวรรค์ประชารักษ์
►ส่วนจัดเก็บหนังสือเก่า สปร
บนชั้น
  ขอยืม
8. วิทยาศาสตร์การแพทย์ และสุขภาพ
วิทยาศาสตร์การแพทย์ และสุขภาพ
WS100 น577ก ล.1 ฉ.7 
  Barcode: 001238
ห้องสมุดวิทยาเขตสวรรค์ประชารักษ์
►ส่วนจัดเก็บหนังสือเก่า สปร
บนชั้น
  ขอยืม
9. วิทยาศาสตร์การแพทย์ และสุขภาพ
วิทยาศาสตร์การแพทย์ และสุขภาพ
WS100 น577ก ล.1 ฉ.8 
  Barcode: 001239
ห้องสมุดวิทยาเขตสวรรค์ประชารักษ์
►ส่วนจัดเก็บหนังสือเก่า สปร
บนชั้น
  ขอยืม
10. วิทยาศาสตร์การแพทย์ และสุขภาพ
วิทยาศาสตร์การแพทย์ และสุขภาพ
WS100 น577ก ล.1 ฉ.9 
  Barcode: 001240
ห้องสมุดวิทยาเขตสวรรค์ประชารักษ์
►ส่วนจัดเก็บหนังสือเก่า สปร
บนชั้น
  ขอยืม

รายการใกล้เคียง
    หัวเรื่อง [พฤติกรรมสุขภาพ]
    หัวเรื่อง [เด็ก การดูแล]

BibComment


ยังไม่เคยถูกคอมเมนท์

คอมเมนท์ทรัพยากรรายการนี้
  คอมเมนท์: การสร้างเสริมสุข..


 Copyright 2026. Bcnsprnw @Library